La gestión y relación con los clientes

Guardat en:
Dades bibliogràfiques
Autor principal: Robinat Rivadulla, José Ramón (Autor)
Format: Llibre
Idioma:espanyol
Publicat: Barcelona Océano 2003
Col·lecció:Marketing Práctico
Matèries:
Etiquetes: Afegir etiqueta
Sense etiquetes, Sigues el primer a etiquetar aquest registre!

MARC

LEADER 00000cam a2200000 a 4500
001 UCK7977
003 CL-VaPUC
008 060105e20030000SP |||||||||||||||||spa|d
020 |a 844942741X 
082 0 4 |a 658.84  |b ROB  |2 21 
100 0 |a Robinat Rivadulla, José Ramón  |e author  |9 497720 
245 1 3 |a La gestión y relación con los clientes 
300 |a 176 p 
942 |c BK 
945 |d 20060105 00:00:00  |a jtorresc 
260 |a Barcelona  |b Océano  |c 2003 
650 0 |a Gestión de marketing  |9 496779 
650 0 |a Servicio al cliente   |9 320800 
650 0 |a Planificación estratégica   |9 259735 
650 0 |a Oferta y demanda  |9 255571 
650 0 |a Mercado  |9 321497 
650 7 |a ECONOMIA DE LA EMPRESA  |2 CL-VaPUC  |9 391714 
583 |a last modification  |c 20170525 12:35:53  |k Rodrigo Vera 
490 0 |a Marketing Práctico 
999 |c 315815  |d 315813 
952 |0 0  |1 0  |2 ddc  |4 0  |6 658_840000000000000_ROB_2003  |7 0  |8 A  |9 389589  |a BIBING  |b BIBING  |c RES  |d 2019-11-22  |i 4198328  |o 658.84 ROB 2003  |p 4198328  |r 2025-01-20  |w 2019-11-22  |y BK  |k TRA